[Event "14th 4NCL Congress"]
[Site "Wokefield"]
[Date "2017.07.15"]
[Round "3"]
[Board "14"]
[White "Herring, Sam Ac"]
[Black "Wadsworth, Matthew J"]
[Result "0-1"]
[WhiteElo "1907"]
[BlackElo "2298"]
[PlyCount "120"]
[EventDate "2017.07.14"]
[EventRounds "5"]
[EventCountry "ENG"]

1. d4 Nf6 2. c4 c5 3. d5 e6 4. Nc3 exd5 5. cxd5 d6 6. Nf3 g6 7. Bf4 a6 8. a4
Bg7 9. e3 O-O 10. h3 Qe7 11. Nd2 Nbd7 12. Be2 Ne8 13. O-O f5 14. Nc4 Rb8 15.
Qc2 Ne5 16. Bh2 Nxc4 17. Bxc4 Nc7 18. a5 Bd7 19. Na4 Bxa4 20. Rxa4 b5 21. axb6
Rxb6 22. b3 Nb5 23. Qd3 Qb7 24. f4 Nc3 25. Rxa6 Rxa6 26. Bxa6 Qxb3 27. Bg3 Rb8
28. Bc4 Qb2 29. Be1 Ne4 30. Qe2 Qxe2 31. Bxe2 Rb3 32. Bf2 Bc3 33. Bc4 Rb2 34.
Be1 Bf6 35. Bd3 Rb3 36. Bxe4 fxe4 37. Bd2 Rd3 38. Bc1 Rxd5 39. Kf2 c4 40. Ke2
Rd3 41. g4 h6 42. g5 hxg5 43. fxg5 Be5 44. h4 Kg7 45. Bd2 c3 46. Bc1 d5 47. Rd1
Rxd1 48. Kxd1 Bg3 49. Kc2 Be1 50. Ba3 Kf7 51. Bb4 Ke6 52. Bxc3 Bxh4 53. Kd1
Bxg5 54. Ke2 Kf5 55. Kf2 Kg4 56. Bd4 Kh3 57. Kg1 Be7 58. Be5 g5 59. Bc7 Bc5 60.
Kf2 g4 0-1

[Event "14th 4NCL Congress"]
[Site "Wokefield"]
[Date "2017.07.15"]
[Round "3"]
[Board "15"]
[White "Hilton, Tim"]
[Black "Savage, Nicholas W"]
[Result "1-0"]
[WhiteElo "1848"]
[BlackElo "2017"]
[PlyCount "55"]
[EventDate "2017.07.14"]
[EventRounds "5"]
[EventCountry "ENG"]

1. Nf3 Nf6 2. c4 g6 3. Nc3 Bg7 4. g3 d5 5. cxd5 Nxd5 6. Bg2 Nb6 7. d3 O-O 8.
Be3 Nc6 9. Qd2 e5 10. h4 Nd4 11. h5 Bd7 12. hxg6 fxg6 13. Ng5 h6 14. Nge4 g5
15. Nc5 Bc6 16. Bxc6 bxc6 17. O-O-O Qe7 18. N3e4 Nd7 19. Bxd4 exd4 20. Nxd7
Qxd7 21. Kb1 Rab8 22. Rc1 Rb6 23. f4 g4 24. Rh5 Re8 25. Rc2 Qf7 26. Rhc5 Bf8
27. Rxc6 Bb4 28. Qc1 1-0

[Event "14th 4NCL Congress"]
[Site "Wokefield"]
[Date "2017.07.15"]
[Round "3"]
[Board "16"]
[White "Davies, Peter L"]
[Black "Mulay, Partha"]
[Result "0-1"]
[WhiteElo "1991"]
[BlackElo "1815"]
[PlyCount "100"]
[EventDate "2017.07.14"]
[EventRounds "5"]
[EventCountry "ENG"]

1. d4 Nf6 2. c4 g6 3. Nc3 Bg7 4. e4 d6 5. h3 O-O 6. Nf3 e5 7. dxe5 dxe5 8. Qc2
c6 9. Be2 Qc7 10. O-O Na6 11. Be3 Nd7 12. Rfd1 Nac5 13. Qd2 a5 14. Bh6 Ne6 15.
Bxg7 Kxg7 16. Qd6 Qxd6 17. Rxd6 Re8 18. Rad1 Ndc5 19. h4 Nf4 20. Bf1 Bg4 21.
R1d2 f5 22. Nh2 Bh5 23. f3 g5 24. g3 fxe4 25. Nxe4 Nxe4 26. fxe4 Ne6 27. Rd7+
Kh8 28. Rxb7 Bg6 29. Bg2 gxh4 30. gxh4 Nf4 31. Ng4 Rad8 32. Rbd7 Rxd7 33. Rxd7
Nxg2 34. Kxg2 Bxe4+ 35. Kf2 Bf5 36. Ra7 Bxg4 37. Rxa5 e4 38. Ke3 h6 39. Ra6 Re6
40. b4 Bf5 41. b5 cxb5 42. Ra8+ Kg7 43. cxb5 Rd6 44. a4 Rd3+ 45. Kf2 e3+ 46.
Ke2 Rb3 47. Re8 Bg4+ 48. Kf1 Bf3 49. Kg1 Rb1+ 50. Kh2 e2 0-1

[Event "14th 4NCL Congress"]
[Site "Wokefield"]
[Date "2017.07.15"]
[Round "3"]
[Board "17"]
[White "French, Max"]
[Black "Simpson, Derek"]
[Result "1-0"]
[WhiteElo "1970"]
[BlackElo "1652"]
[PlyCount "55"]
[EventDate "2017.07.14"]
[EventRounds "5"]
[EventCountry "ENG"]

1. d4 e6 2. c4 Nf6 3. Nc3 d5 4. cxd5 Nxd5 5. Nf3 Nxc3 6. bxc3 c5 7. e3 Qa5 8.
Bd2 cxd4 9. cxd4 Bb4 10. a3 Bxd2+ 11. Qxd2 Qxd2+ 12. Kxd2 b6 13. Rc1 Ba6 14.
Ne5 Bxf1 15. Rc8+ Ke7 16. Rxh8 Bxg2 17. Rg1 Nd7 18. Rxa8 Bxa8 19. Nxd7 Kxd7 20.
Rxg7 Ke7 21. Rxh7 Be4 22. Rg7 Kf8 23. Rg3 b5 24. f3 Bd5 25. h4 f6 26. h5 e5 27.
h6 Bg8 28. d5 1-0

[Event "14th 4NCL Congress"]
[Site "Wokefield"]
[Date "2017.07.15"]
[Round "3"]
[Board "18"]
[White "Sagues, Vincent"]
[Black "Bansal, Rohan"]
[Result "1/2-1/2"]
[WhiteElo "1883"]
[BlackElo "1956"]
[PlyCount "61"]
[EventDate "2017.07.14"]
[EventRounds "5"]
[EventCountry "ENG"]

1. e4 e6 2. d4 d5 3. Nd2 Nf6 4. e5 Nfd7 5. Bd3 c5 6. c3 b6 7. Ne2 Ba6 8. Bxa6
Nxa6 9. O-O Nc7 10. Nf3 c4 11. Bg5 Be7 12. Bxe7 Qxe7 13. b4 a5 14. a3 O-O 15.
Nd2 g6 16. f4 Ra7 17. Rc1 Rfa8 18. g4 {(=)} Qh4 19. Ng3 axb4 20. axb4 Ra2 21.
Rf2 R8a3 22. Rg2 Nb5 23. Ne2 Qh6 24. Rc2 Rxc2 25. Qxc2 Ra1+ 26. Nf1 Qf8 27. f5
Qa8 28. Qd2 Ra2 29. Qh6 Qf8 30. Qe3 Rc2 31. Rf2 1/2-1/2

[Event "14th 4NCL Congress"]
[Site "Wokefield"]
[Date "2017.07.15"]
[Round "3"]
[Board "19"]
[White "Isaksen, Peter A"]
[Black "Anilkumar, Anantha P (jnr)"]
[Result "0-1"]
[WhiteElo "1678"]
[BlackElo "1932"]
[PlyCount "104"]
[EventDate "2017.07.14"]
[EventRounds "5"]
[EventCountry "ENG"]

1. e4 c5 2. c3 d5 3. exd5 Qxd5 4. d4 Nf6 5. Nf3 Bg4 6. Be2 e6 7. h3 Bh5 8. O-O
Nc6 9. Be3 cxd4 10. cxd4 Be7 11. Nc3 Qd6 12. Rc1 O-O 13. Qb3 Rfd8 14. Rfd1 a6
15. Rd2 b5 16. Rcd1 Na5 17. Qc2 Rac8 18. Qb1 Bg6 19. Qa1 b4 20. Na4 Bc2 21. Nc5
Bxd1 22. Qxd1 Ra8 23. Qa4 Qb6 24. Ne5 Bxc5 25. dxc5 Qc7 26. Rxd8+ Rxd8 27. Bf4
Qxc5 28. Nd3 Qb5 29. Qxb5 axb5 30. Bc7 Ra8 31. Nxb4 Nc4 32. b3 Na3 33. Bf3 Rc8
34. Bd6 Rd8 35. Be7 Rd2 36. Bc6 Nc2 37. a4 bxa4 38. bxa4 Nxb4 39. Bxb4 Ra2 40.
Kh2 Nd5 41. Ba5 Rxf2 42. Bxd5 exd5 43. Bb6 Ra2 44. a5 Kf8 45. Kg3 Ke7 46. Kf3
Kd6 47. g3 Kc6 48. Bd8 Ra4 49. Ke3 d4+ 50. Ke4 Kc5 51. Bb6+ Kc4 52. Bxd4 f5+
 0-1

[Event "14th 4NCL Congress"]
[Site "Wokefield"]
[Date "2017.07.15"]
[Round "3"]
[Board "20"]
[White "Marley, Andrew Sg"]
[Black "Kapoor, Gurveen"]
[Result "0-1"]
[WhiteElo "1969"]
[BlackElo "1715"]
[PlyCount "80"]
[EventDate "2017.07.14"]
[EventRounds "5"]
[EventCountry "ENG"]

1. c4 b6 2. Nc3 Bb7 3. e4 e6 4. d4 Bb4 5. Bd3 f5 6. Qe2 Nf6 7. d5 Bxc3+ 8. bxc3
O-O 9. e5 exd5 10. exf6 Re8 11. Be3 Qxf6 12. Rc1 d4 13. Nf3 dxe3 14. O-O exf2+
15. Qxf2 Be4 16. Be2 Na6 17. Nd4 Nc5 18. Rcd1 Re7 19. Qf4 Rae8 20. Rf2 Ne6 21.
Qd2 g5 22. g3 Qg6 23. Nf3 d6 24. Rdf1 f4 25. Nd4 fxg3 26. hxg3 Nf4 27. Bg4 h5
28. gxf4 hxg4 29. fxg5 Rh7 30. Rf6 Qh5 31. Qf4 Qh1+ 32. Kf2 Rh2+ 33. Ke3 Bf5+
34. Ne6 Rh3+ 35. Kd2 Qh2+ 36. Qxh2 Rxh2+ 37. Kc1 Bxe6 38. Rg6+ Kh7 39. Rff6
Bxc4 40. Kd1 Rh1+ 0-1

[Event "14th 4NCL Congress"]
[Site "Wokefield"]
[Date "2017.07.15"]
[Round "3"]
[Board "21"]
[White "Anderson, Peter W"]
[Black "Ifalore, Michael"]
[Result "1-0"]
[WhiteElo "1907"]
[BlackElo "1897"]
[PlyCount "79"]
[EventDate "2017.07.14"]
[EventRounds "5"]
[EventCountry "ENG"]

1. d4 Nf6 2. c4 e6 3. Nc3 Bb4 4. e3 c5 5. Bd3 O-O 6. Nf3 h6 7. O-O d5 8. a3
cxd4 9. exd4 Be7 10. c5 b6 11. cxb6 Qxb6 12. b4 Bb7 13. Re1 Rc8 14. Na4 Qd8 15.
Nc5 Bc6 16. Qe2 Bf8 17. Bb2 Qb6 18. Ne5 Be8 19. Nb3 Nc6 20. f4 Rcb8 21. Rab1
Bd6 22. g4 Bxe5 23. fxe5 Nd7 24. Kh1 a5 25. b5 Ne7 26. a4 Rc8 27. Bc1 Rc3 28.
Bd2 Rcc8 29. Rf1 f6 30. exf6 Nxf6 31. Nc5 Rxc5 32. dxc5 Qxc5 33. Rxf6 gxf6 34.
Qxe6+ Bf7 35. Qxf6 Kf8 36. Rf1 Ke8 37. Qxf7+ Kd8 38. Qf8+ Kc7 39. Qxa8 d4 40.
Rc1 1-0

[Event "14th 4NCL Congress"]
[Site "Wokefield"]
[Date "2017.07.16"]
[Round "4"]
[Board "1"]
[White "Claridge-Hansen, William"]
[Black "Adair, James R"]
[Result "0-1"]
[WhiteElo "2267"]
[BlackElo "2478"]
[PlyCount "70"]
[EventDate "2017.07.14"]
[EventRounds "5"]
[EventCountry "ENG"]

1. c4 c5 2. g3 g6 3. Bg2 Bg7 4. Nc3 Nc6 5. Nf3 e6 6. d3 Nge7 7. Bg5 d5 8. O-O
O-O 9. a3 h6 10. Bd2 b6 11. Rb1 a5 12. Nb5 Ba6 13. Qa4 Qd7 14. b4 axb4 15. axb4
Nxb4 16. Bxb4 Bxb5 17. Qxb5 Qxb5 18. cxb5 cxb4 19. Rxb4 Ra2 20. e4 Rc8 21. e5
Rcc2 22. Nd4 Rc3 23. Re1 Rxd3 24. Nc6 Bf8 25. Nd8 Ra8 26. Nb7 Rb8 27. Bf1 Rd2
28. Nd6 Nf5 29. Rc1 Nxd6 30. exd6 Bxd6 31. Rb3 Bc5 32. Rf3 Ra8 33. Rf4 Raa2 34.
Rc3 Bxf2+ 35. Kh1 Bc5 0-1

[Event "14th 4NCL Congress"]
[Site "Wokefield"]
[Date "2017.07.16"]
[Round "4"]
[Board "2"]
[White "Sreeves, Clement"]
[Black "Murphy, Conor E"]
[Result "1-0"]
[WhiteElo "2391"]
[BlackElo "2154"]
[PlyCount "119"]
[EventDate "2017.07.14"]
[EventRounds "5"]
[EventCountry "ENG"]

1. e4 c5 2. Nf3 e6 3. d4 cxd4 4. Nxd4 Nc6 5. Nc3 Qc7 6. f4 a6 7. Nxc6 Qxc6 8.
Bd3 b5 9. Qe2 Bb7 10. Bd2 Bc5 11. O-O-O Ne7 12. a3 O-O 13. Rhf1 Bd4 14. Qh5 Qc5
15. Qh3 b4 16. Na4 Bxb2+ 17. Kxb2 bxa3+ 18. Ka2 Qd4 19. Rb1 Bxe4 20. Rb4 Qd5+
21. Kxa3 Bxd3 22. Qxd3 Qxg2 23. Nb6 Rad8 24. Nc4 d5 25. Ne3 Qxh2 26. Rbb1 Ng6
27. Qd4 e5 28. fxe5 Qxe5 29. Bc3 Rfe8 30. Rb7 Qxd4 31. Bxd4 Re7 32. Rb6 Re6 33.
Rb7 Re7 34. Rb3 Re4 35. Nf5 Nh4 36. c3 Nxf5 37. Rxf5 f6 38. Rb7 Re6 39. Kb4 Rc6
40. Ka5 h6 41. Ra7 Kf8 42. Rb7 Kg8 43. Kb4 Rc4+ 44. Kb3 Kf8 45. Kb2 Rc6 46. Ka3
Rc4 47. Kb3 Kg8 48. Rf3 Rcc8 49. Rg3 g5 50. Kb4 Rb8 51. Rxb8 Rxb8+ 52. Kc5 Rb5+
53. Kd6 f5 54. Re3 f4 55. Re7 f3 56. Ke6 Rb2 57. Rg7+ Kf8 58. Rf7+ Ke8 59. Rxf3
h5 60. Rf5 1-0

[Event "14th 4NCL Congress"]
[Site "Wokefield"]
[Date "2017.07.16"]
[Round "4"]
[Board "3"]
[White "Jackson, James P"]
[Black "Head, Louise"]
[Result "0-1"]
[WhiteElo "2286"]
[BlackElo "2012"]
[PlyCount "156"]
[EventDate "2017.07.14"]
[EventRounds "5"]
[EventCountry "ENG"]

1. e4 c6 2. d4 d5 3. exd5 cxd5 4. c4 Nf6 5. Nc3 Nc6 6. Bg5 Be6 7. Be2 Qa5 8.
Bxf6 exf6 9. c5 Bxc5 10. dxc5 d4 11. Nf3 dxc3 12. O-O cxb2 13. Rb1 Qxc5 14.
Rxb2 Rb8 15. Qb1 Bf5 16. Rc1 Qd5 17. Qa1 O-O 18. Rb5 Qd7 19. Rd1 Qe6 20. Qb2
Rfe8 21. Bf1 Be4 22. Re1 Qd7 23. Nd2 f5 24. f3 Qd4+ 25. Qxd4 Nxd4 26. fxe4 Nxb5
27. Bxb5 Re5 28. Bc4 Rd8 29. Re2 fxe4 30. Nxe4 Rde8 31. Nc3 Rxe2 32. Nxe2 Re4
33. Bd3 Ra4 34. Nc1 Kf8 35. Kf2 Ke7 36. Ke3 Kd6 37. Be2 b6 38. Bd1 Rh4 39. h3
f5 40. Nd3 Re4+ 41. Kd2 g5 42. Bc2 Re7 43. Bd1 a5 44. a4 Rb7 45. Kc3 b5 46. Kd4
bxa4 47. Bxa4 Re7 48. Bd1 Re4+ 49. Kc3 Rh4 50. Nb2 Ke5 51. Nd3+ Ke4 52. Kd2 Kd4
53. Ne1 g4 54. hxg4 fxg4 55. Ba4 Rh1 56. Nc2+ Kc4 57. Ne3+ Kb4 58. Bd1 h5 59.
Nc2+ Kb3 60. Ne1+ Kb2 61. Nd3+ Ka3 62. Bc2 Rh2 63. Nf4 Kb2 64. Nd3+ Ka3 65. Nf4
{(=)} h4 66. Kc3 h3 67. Be4 hxg2 68. Bxg2 g3 69. Kd3 Kb2 70. Bd5 a4 71. Ke3 a3
72. Kf3 Rd2 73. Be6 g2 74. Nxg2 Rd3+ 75. Ne3 Rb3 76. Ke2 a2 77. Nd1+ Ka3 78.
Ne3 Rb2+ 0-1

[Event "14th 4NCL Congress"]
[Site "Wokefield"]
[Date "2017.07.16"]
[Round "4"]
[Board "4"]
[White "Merry, Alan B"]
[Black "Martin, Lewis"]
[Result "1-0"]
[WhiteElo "2427"]
[BlackElo "2089"]
[PlyCount "59"]
[EventDate "2017.07.14"]
[EventRounds "5"]
[EventCountry "ENG"]

1. e4 c5 2. Nc3 Nc6 3. g3 g6 4. Bg2 Bg7 5. d3 d6 6. Be3 Nf6 7. h3 a6 8. f4 Nd7
9. Nf3 b5 10. Qd2 Bb7 11. O-O b4 12. Nd1 Qc7 13. Kh1 O-O-O 14. a3 a5 15. axb4
axb4 16. c3 h6 17. cxb4 Nxb4 18. Nc3 Nb6 19. Rfc1 Kb8 20. Na2 Na6 21. Rab1 d5
22. e5 d4 23. Bf2 Qd7 24. b4 c4 25. dxc4 g5 26. c5 gxf4 27. Qxf4 Qe6 28. cxb6
Qxa2 29. Bxd4 e6 30. b5 1-0

[Event "14th 4NCL Congress"]
[Site "Wokefield"]
[Date "2017.07.16"]
[Round "4"]
[Board "5"]
[White "Varnam, Liam D"]
[Black "Golding, Alex"]
[Result "0-1"]
[WhiteElo "2088"]
[BlackElo "2237"]
[PlyCount "138"]
[EventDate "2017.07.14"]
[EventRounds "5"]
[EventCountry "ENG"]

1. c4 g6 2. g3 Bg7 3. Bg2 e5 4. Nc3 Ne7 5. e4 O-O 6. h4 h6 7. d3 d6 8. Be3 f5
9. Qd2 Kh7 10. h5 g5 11. f4 gxf4 12. gxf4 Nbc6 13. Nge2 fxe4 14. dxe4 exf4 15.
Bxf4 Ne5 16. b3 N7c6 17. O-O-O a5 18. a4 Nb4 19. Bxe5 Bxe5 20. Rdf1 Bg4 21. Nd5
Qg5 22. Qxg5 hxg5 23. Kd2 Na6 24. Ne3 Be6 25. Nc1 Nc5 26. Kc2 Bf4 27. Nf5 Bxc1
28. Kxc1 Nxb3+ 29. Kc2 Nc5 30. Ne3 Rf4 31. Rxf4 gxf4 32. Nd5 Bxd5 33. exd5 Re8
34. Bf1 Re3 35. h6 f3 36. Rh4 Re1 37. Bh3 f2 38. Rf4 Kxh6 39. Rxf2 Re3 40. Bc8
Kg7 41. Rg2+ Kf6 42. Rf2+ Ke7 43. Rh2 Kd8 44. Be6 Nxe6 45. Rh8+ Kd7 46. Rh7+
Kc8 47. dxe6 Rxe6 48. Kc3 b6 49. Rh3 Kb7 50. Kb3 Kc6 51. Rh5 Re3+ 52. Kb2 Re5
53. Rh7 d5 54. cxd5+ Rxd5 55. Kc3 Rg5 56. Rh4 Rg3+ 57. Kb2 Rd3 58. Rc4+ Kd6 59.
Rh4 Kc5 60. Rh7 c6 61. Rb7 b5 62. axb5 cxb5 63. Rh7 Kc4 64. Kc2 Rd4 65. Ra7 a4
66. Ra8 Rh4 67. Kb2 Rh2+ 68. Kc1 Kb3 69. Rg8 Rh1+ 0-1

[Event "14th 4NCL Congress"]
[Site "Wokefield"]
[Date "2017.07.16"]
[Round "4"]
[Board "6"]
[White "Merriman, John"]
[Black "Seymour, Timothy P"]
[Result "1-0"]
[WhiteElo "2221"]
[BlackElo "2073"]
[PlyCount "95"]
[EventDate "2017.07.14"]
[EventRounds "5"]
[EventCountry "ENG"]

1. d4 Nf6 2. c4 e6 3. Nc3 Bb4 4. e3 O-O 5. Bd3 d5 6. a3 Bxc3+ 7. bxc3 dxc4 8.
Bxc4 c5 9. Ne2 Qc7 10. Ba2 Rd8 11. O-O Nc6 12. f3 b6 13. Rf2 Ba6 14. Qa4 Bd3
15. Nf4 b5 16. Qd1 Bc4 17. Bb2 Nd5 18. Nxd5 exd5 19. Bb1 Rd6 20. Bc2 Rad8 21.
Rd2 a5 22. a4 b4 23. dxc5 Rh6 24. f4 Qe7 25. Qf3 Qxc5 26. cxb4 axb4 27. Qg3 d4
28. Rad1 Rhd6 29. Be4 Bb3 30. Rc1 Qb6 31. a5 Qb5 32. exd4 Nxa5 33. d5 f6 34.
Qh3 h6 35. Qf5 Bxd5 36. Qh7+ Kf8 37. Bg6 Nc4 38. Qh8+ Bg8 39. Bh7 Rxd2 40.
Qxg8+ Ke7 41. Qxg7+ Kd6 42. Bxf6 Qc5+ 43. Kh1 Re8 44. h3 Qf2 45. Be5+ Nxe5 46.
fxe5+ Rxe5 47. Qc7+ Kd5 48. Qd7# 1-0

[Event "14th 4NCL Congress"]
[Site "Wokefield"]
[Date "2017.07.16"]
[Round "4"]
[Board "7"]
[White "Gaudeau, Valentin"]
[Black "Nelson, Omowale A"]
[Result "1-0"]
[WhiteElo "2170"]
[BlackElo "2040"]
[PlyCount "165"]
[EventDate "2017.07.14"]
[EventRounds "5"]
[EventCountry "ENG"]

1. d4 d5 2. Bf4 Nf6 3. Nf3 Bf5 4. e3 e6 5. c4 c6 6. Nc3 Nbd7 7. Qb3 Qb6 8. c5
Qxb3 9. axb3 h6 10. h3 a6 11. b4 Rc8 12. Nd2 Be7 13. Nb3 Bd8 14. Na5 Bxa5 15.
bxa5 O-O 16. Bd6 Rfe8 17. f3 e5 18. Kd2 Re6 19. Ne2 Bh7 20. dxe5 Nxe5 21. Nd4
Rxd6 22. cxd6 Ne8 23. d7 Nxd7 24. Be2 Nd6 25. b3 Re8 26. Bd3 Bxd3 27. Kxd3 c5
28. Nc2 Nb5 29. Na3 Ne5+ 30. Kd2 Nd6 31. Rhe1 Rd8 32. Ke2 Kf8 33. Rac1 c4 34.
bxc4 dxc4 35. Red1 Ke7 36. Rc2 Rc8 37. Rd5 f6 38. Nb1 Nd3 39. Rd4 Rc5 40. Nd2
Nb4 41. Rc1 Na2 42. Rc2 Nb4 43. Rb2 Nd5 44. Ne4 c3 45. Rc2 Nxe4 46. Rxe4+ Kd6
47. Ra4 Nc7 48. Kd3 Nb5 49. e4 Ke5 50. g3 g5 51. Rc1 Rc7 52. Ke3 Rd7 53. f4+
Ke6 54. Rc4 Rd8 55. Rc5 Ke7 56. Rd5 Rc8 57. fxg5 fxg5 58. h4 gxh4 59. gxh4 Rg8
60. Kf4 Ke6 61. Re5+ Kf6 62. Rf5+ Ke6 63. e5 Rc8 64. Rf6+ Ke7 65. Rxh6 c2 66.
Ke3 Rc5 67. Kd3 Na3 68. Kd4 Rxa5 69. Rb6 Nb5+ 70. Kd3 Na3 71. Kc3 Rxe5 72.
Rxb7+ Kf6 73. Rb6+ Kf5 74. Rxa6 Nb5+ 75. Kxc2 Nd4+ 76. Kd3 Nf3 77. Rf1 Kg4 78.
Rg6+ Kh5 79. Rg8 Nh2 80. Rh8+ Kg6 81. Rff8 Kg7 82. Rhg8+ Kh7 83. Rg2 1-0

[Event "14th 4NCL Congress"]
[Site "Wokefield"]
[Date "2017.07.16"]
[Round "4"]
[Board "8"]
[White "Verma, Aditya"]
[Black "Kalavannan, Koby"]
[Result "0-1"]
[WhiteElo "2057"]
[BlackElo "2154"]
[PlyCount "62"]
[EventDate "2017.07.14"]
[EventRounds "5"]
[EventCountry "ENG"]

1. e4 c5 2. Nf3 Nc6 3. d4 cxd4 4. Nxd4 g6 5. c4 Nf6 6. Nc3 d6 7. Be2 Nxd4 8.
Qxd4 Bg7 9. Be3 O-O 10. Qd2 a5 11. Rc1 a4 12. O-O Qa5 13. f3 Be6 14. Nd5 Qxd2
15. Bxd2 Nxd5 16. cxd5 Bd4+ 17. Kh1 Bd7 18. Rc2 e6 19. Bb4 Rfc8 20. Rfc1 {(=)}
exd5 21. Rxc8+ Bxc8 22. exd5 Bxb2 23. Rf1 Bf5 24. g4 Bc2 25. Bb5 a3 26. Re1 Bb3
27. Bxa3 Rxa3 28. axb3 Rxb3 29. Re8+ Kg7 30. Be2 Be5 31. h4 Re3 0-1

[Event "14th 4NCL Congress"]
[Site "Wokefield"]
[Date "2017.07.16"]
[Round "4"]
[Board "9"]
[White "Price, Gwilym T"]
[Black "Hand, Freddie"]
[Result "1/2-1/2"]
[WhiteElo "1776"]
[BlackElo "2138"]
[PlyCount "53"]
[EventDate "2017.07.14"]
[EventRounds "5"]
[EventCountry "ENG"]

1. e4 d5 2. exd5 Nf6 3. Nf3 Bg4 4. Bb5+ c6 5. dxc6 Nxc6 6. h3 Bh5 7. Nc3 Qc7 8.
g4 Bg6 9. d3 O-O-O 10. Qe2 e5 11. Bd2 Nd4 12. Nxd4 exd4 13. Ne4 Qe5 14. Bc4
Nxe4 15. dxe4 Qxe4 16. Qxe4 Bxe4 17. O-O Bd6 18. f3 Bc6 19. Bxf7 Kb8 20. f4 d3
21. cxd3 Bc5+ 22. Kh2 Rxd3 23. Bc3 Rhd8 24. Bc4 Rxc3 25. bxc3 Rd2+ 26. Kg3 Rc2
27. Rac1 1/2-1/2

[Event "14th 4NCL Congress"]
[Site "Wokefield"]
[Date "2017.07.16"]
[Round "4"]
[Board "10"]
[White "Crockart, Scott A"]
[Black "Golding, James"]
[Result "1/2-1/2"]
[WhiteElo "2133"]
[BlackElo "1963"]
[PlyCount "55"]
[EventDate "2017.07.14"]
[EventRounds "5"]
[EventCountry "ENG"]

1. d4 d5 2. c4 e6 3. Nc3 c5 4. cxd5 exd5 5. Nf3 Nc6 6. g3 Nf6 7. Bg2 Be7 8. O-O
O-O 9. dxc5 Bxc5 10. a3 Re8 11. b4 Bf8 12. Bb2 a6 13. e3 Bg4 14. Ne2 Ne4 15. h3
Be6 16. Nf4 Qd7 17. Nxe6 fxe6 18. Nd4 Nd6 19. Rc1 a5 20. Qd3 Nxd4 21. Qxd4 axb4
22. axb4 Nb5 23. Qd2 Qd6 24. Rb1 Ra4 25. Rfd1 Qxb4 26. Be5 Qxd2 27. Rxd2 Nd6
28. Bxd6 1/2-1/2

[Event "14th 4NCL Congress"]
[Site "Wokefield"]
[Date "2017.07.16"]
[Round "4"]
[Board "11"]
[White "Wadsworth, Matthew J"]
[Black "Bourne, Johnathan D"]
[Result "1-0"]
[WhiteElo "2298"]
[BlackElo "1937"]
[PlyCount "91"]
[EventDate "2017.07.14"]
[EventRounds "5"]
[EventCountry "ENG"]

1. c4 Nf6 2. g3 g6 3. Bg2 Bg7 4. Nc3 d6 5. e4 O-O 6. Nge2 e5 7. d3 Nc6 8. O-O
Be6 9. h3 Nd7 10. Be3 a6 11. f4 f5 12. exf5 gxf5 13. Qd2 Rb8 14. b3 Nd4 15.
fxe5 dxe5 16. Rae1 c6 17. Kh2 Qc8 18. Bg5 Bf7 19. Nxd4 exd4 20. Ne2 Bg6 21. Bh6
Bf6 22. Bxf8 Qxf8 23. Nf4 Ne5 24. Re2 Re8 25. Rfe1 Qg7 26. Qa5 Kh8 27. b4 Bf7
28. Bh1 Rg8 29. Rg1 b6 30. Qxb6 Bh4 31. g4 Bg5 32. Rf1 fxg4 33. Qc7 Nf3+ 34.
Bxf3 gxf3 35. Ref2 Bd8 36. Qd6 Bf6 37. Qxc6 Be5 38. Qxf3 Bh5 39. Qxh5 Bxf4+ 40.
Kh1 Be3 41. Qg4 Qh6 42. Qf3 Bxf2 43. Rxf2 Qc1+ 44. Rf1 Qd2 45. Qf6+ Rg7 46.
Qd8+ 1-0

[Event "14th 4NCL Congress"]
[Site "Wokefield"]
[Date "2017.07.16"]
[Round "4"]
[Board "12"]
[White "Goater, Kevin P"]
[Black "Anilkumar, Anantha P (jnr)"]
[Result "1-0"]
[WhiteElo "2128"]
[BlackElo "1932"]
[PlyCount "91"]
[EventDate "2017.07.14"]
[EventRounds "5"]
[EventCountry "ENG"]

1. d4 Nf6 2. Bf4 g6 3. e3 Bg7 4. Nf3 O-O 5. Be2 d6 6. O-O Qe8 7. h3 Nfd7 8. Nc3
e5 9. Bh2 e4 10. Nd2 f5 11. Nd5 Qd8 12. c4 Nf6 13. Rc1 Nbd7 14. Qc2 b6 15. Nf4
Nb8 16. Rfd1 Qe7 17. b4 a5 18. b5 g5 19. Nh5 Nxh5 20. Bxh5 Nd7 21. Be2 Bb7 22.
a4 f4 23. Bg4 Rae8 24. c5 dxc5 25. Bxd7 Qxd7 26. dxc5 Qf5 27. Nf1 Be5 28. Rd2
f3 29. Qc4+ Kh8 30. Bxe5+ Rxe5 31. g4 Qf6 32. cxb6 cxb6 33. Qd4 Rd5 34. Qxf6+
Rxf6 35. Rxd5 Bxd5 36. Ng3 Re6 37. Nf5 h6 38. Kh2 Kg8 39. Kg3 Kf7 40. Rc7+ Kf6
41. Rd7 Ba2 42. Nd4 Re7 43. Rd6+ Ke5 44. Rxb6 Rc7 45. Rc6 Rb7 46. Rxh6 1-0

[Event "14th 4NCL Congress"]
[Site "Wokefield"]
[Date "2017.07.16"]
[Round "4"]
[Board "13"]
[White "Mulay, Partha"]
[Black "Richmond, Jane"]
[Result "0-1"]
[WhiteElo "1815"]
[BlackElo "2125"]
[PlyCount "88"]
[EventDate "2017.07.14"]
[EventRounds "5"]
[EventCountry "ENG"]

1. Nf3 Nf6 2. c4 e6 3. g3 d5 4. Bg2 Be7 5. O-O O-O 6. b3 c5 7. Bb2 Nc6 8. e3 a6
9. cxd5 exd5 10. d4 Ne4 11. Nc3 Bg4 12. Ne2 Qa5 13. Qe1 Bxf3 14. Qxa5 Nxa5 15.
Bxf3 Nd2 16. Bc3 Nxf3+ 17. Kg2 Nxd4 18. exd4 Nc6 19. dxc5 Bxc5 20. Rfd1 Rad8
21. Nd4 Rfe8 22. Rd2 Re4 23. Rad1 Nxd4 24. Bxd4 Bxd4 25. Rxd4 Rxd4 26. Rxd4 Kf8
27. Kf3 Ke7 28. Ke3 Kd6 29. Rd2 Re8+ 30. Kd3 Re1 31. f4 b5 32. Rc2 Rd1+ 33. Ke2
Ra1 34. Kd3 a5 35. Kd2 a4 36. bxa4 bxa4 37. Ke3 Rb1 38. Kd3 f5 39. Ke3 g6 40.
Kd3 Rb4 41. Re2 Kc5 42. h4 Rd4+ 43. Kc3 Re4 44. Rc2 Rc4+ 0-1

[Event "14th 4NCL Congress"]
[Site "Wokefield"]
[Date "2017.07.16"]
[Round "4"]
[Board "14"]
[White "Grieve, Harry"]
[Black "Hilton, Tim"]
[Result "1-0"]
[WhiteElo "2076"]
[BlackElo "1848"]
[PlyCount "75"]
[EventDate "2017.07.14"]
[EventRounds "5"]
[EventCountry "ENG"]

1. d4 Nf6 2. Bg5 d5 3. Bxf6 exf6 4. e3 Be6 5. g3 Bd6 6. Bg2 O-O 7. Ne2 c6 8.
O-O Qb6 9. b3 Nd7 10. Nd2 f5 11. c4 Qa6 12. c5 Bc7 13. b4 b6 14. Nc3 bxc5 15.
bxc5 Rab8 16. Qc2 Nf6 17. Nb3 Ne4 18. Rfc1 h5 19. Bf1 Qc8 20. f3 Nf6 21. Bd3 h4
22. Ne2 Re8 23. gxh4 Nh5 24. f4 Bd7 25. Ng3 Nxg3 26. hxg3 Rxe3 27. Kf2 Re8 28.
Nd2 g6 29. Nf3 Kg7 30. Rh1 Rb4 31. a3 Rb8 32. h5 Rh8 33. hxg6 fxg6 34. Rae1
Rxh1 35. Rxh1 Qb7 36. Ng5 Rh8 37. Rxh8 Kxh8 38. Kf3 1-0

[Event "14th 4NCL Congress"]
[Site "Wokefield"]
[Date "2017.07.16"]
[Round "4"]
[Board "15"]
[White "Kapoor, Gurveen"]
[Black "French, Max"]
[Result "1-0"]
[WhiteElo "1715"]
[BlackElo "1970"]
[PlyCount "105"]
[EventDate "2017.07.14"]
[EventRounds "5"]
[EventCountry "ENG"]

1. d4 Nf6 2. Nc3 d5 3. Bf4 e6 4. Nb5 Na6 5. e3 c6 6. Nc3 Qb6 7. a3 Bd7 8. h3 c5
9. Rb1 Rc8 10. Qd2 Be7 11. Bd3 O-O 12. Nf3 c4 13. Be2 Qd8 14. Ne5 b5 15. Nxd7
Qxd7 16. b4 Ra8 17. Bf3 Rad8 18. g4 Ne8 19. h4 Nd6 20. h5 Nb8 21. Ke2 a6 22. g5
f5 23. g6 h6 24. Rbg1 Nc6 25. Nxd5 exd5 26. Bxd5+ Kh8 27. Bxh6 Ne4 28. Bxg7+
Kxg7 29. h6+ Kf6 30. Bxe4 fxe4 31. g7 Rg8 32. Rh4 Bd6 33. Rhg4 Qf5 34. Ke1 {(=)
} Rd7 35. f4 exf3 36. Qf2 Kf7 37. h7 Qxh7 38. Qxf3+ Ke8 39. Qxc6 Kd8 40. Qa8+
Kc7 41. Qa7+ Kd8 42. Qa8+ Ke7 43. Re4+ Kf6 44. Qc6 Rdd8 45. Rf4+ Ke6 46. d5+
Ke7 47. Qb7+ Rd7 48. Rf7+ Kxf7 49. Qxd7+ Be7 50. Qe6+ Ke8 51. Qc8+ Bd8 {(=)}
52. Qc6+ Kf7 53. Qe6# 1-0

[Event "14th 4NCL Congress"]
[Site "Wokefield"]
[Date "2017.07.16"]
[Round "4"]
[Board "16"]
[White "Rahulan, Thivyaa"]
[Black "Stoyanov, Viktor"]
[Result "0-1"]
[WhiteElo "1623"]
[BlackElo "1919"]
[PlyCount "60"]
[EventDate "2017.07.14"]
[EventRounds "5"]
[EventCountry "ENG"]

1. d4 Nf6 2. Nf3 g6 3. Nc3 d5 4. Bf4 Bg7 5. e3 O-O 6. Be2 c6 7. Ne5 Nbd7 8. h4
h6 9. g4 Ne4 10. Nxe4 dxe4 11. c4 Nxe5 12. Bxe5 Bxe5 13. dxe5 Qa5+ 14. Qd2 Qxe5
15. O-O-O Be6 16. Qd4 Qxd4 17. Rxd4 f5 18. h5 c5 19. Rd2 fxg4 20. hxg6 Kg7 21.
Rh4 Kxg6 22. Rh2 Rad8 23. b3 h5 24. Bd1 Rxd2 25. Kxd2 Kg5 26. Bc2 Bf5 27. Ke2
h4 28. Rh1 h3 29. Rh2 Kh4 30. Rh1 Bg6 0-1